The artificial nigger and other tales /

Salvato in:
Dettagli Bibliografici
Autore principale: O'Connor, Flannery
Natura: Libro
Lingua:English
Pubblicazione: London: Neville Spearman, 1957.
LEADER 00744nam a2200193 a 4500
001 c000081931
003 CARM
005 00000000000000.0
008 900115s1957 enk 00011 eng d
019 1 |a 6886345  |z 45899879  |z 27089800  |z 55207387  |5 LACONCORD2021 
035 |a (OCoLC)2315259  |5 LACONCORD2021 
050 1 |a PS3565.C57 
100 1 |a O'Connor, Flannery 
245 1 4 |a The artificial nigger and other tales /  |c by Flannery O'Connor. 
260 |a London:  |b Neville Spearman,  |c 1957. 
300 |a 251 p. ;  |c 21 cm. 
852 8 |b CARM  |h A2:AB37A0  |i B02719  |p 0118967  |f BK 
999 f f |i 7c1983b8-b613-5e8a-9ba8-f1be1d9972ce  |s 37979c70-fba5-569e-b730-755995e57e30 
952 f f |p Can circulate  |a CAVAL  |b CAVAL  |c CAVAL  |d CARM 1 Store  |e B02719  |f A2:AB37A0  |h Other scheme  |i book  |m 0118967